El club de las zapatillas rojas /

Guardado en:
Autor Principal: Punset, Elena.
Otros Autores: González, Paula; il.
Formato: Libro
Publicado: Buenos Aires : Montena, 2017.
Materias:
Etiquetas: Agregar Etiqueta
Sin Etiquetas, Sea el primero en etiquetar este registro!
LEADER 00771nam a22002655a 4500
001 CEM.cems019042
008 220412s2017##################000#0#####d
005 20220412192620.0
003 CEMS
245 1 0 |a El club de las zapatillas rojas /  |c Elena Punset; ilustrado por Paula González. 
260 |a Buenos Aires :  |b Montena,  |c 2017. 
300 |a 272 p. 
020 |a 9789873820298 
100 1 |a Punset, Elena. 
700 1 |a González, Paula; il. 
082 0 4 |a A863.4 
653 |a Literatura 
653 |a Literatura Española 
653 |a Novelas 
653 |a Novelas Españolas 
653 |a Literatura juvenil 
653 |a Novelas juveniles 
653 |a Narrativa 
653 |a Narrativa Española 
859 |a CEMS  |b BIB. CEMS - 11 de abril  |h 863.4  |i P969  |p 29216.22  |t Ej. 1